000 01243nam a22002537a 4500
005 20100315102214.0
008 100315t xxu||||| |||| 00| 0 hin d
010 _aHIN-89130
020 _a9788190615945
_c100.00
035 _aHN-61476
037 _bDBAD / PUB
040 _aDPL
_bHN
082 _a88.4
100 _aनंद, चौधरी सत्यव्रत
_917313
245 _aनक्शा चाहिएः
_cचौधरी सत्यव्रत नंद; विजय कुमार महांति द्वारा अनुदित
_b(लेख) /
246 _aNaksha Chahiye
_bby Chaudhury Satyavarat Nand
260 _aनई दिल्ली
_bयुक्ति प्रकाशन
_c2009
270 _a10728, मानकपुरा, करोल बाग
_bनई दिल्ली
_e110005
300 _a112पृ
_c22सेमी (सजिल्द)
650 _aहिन्दी निबंध
_917314
700 _aमहांति, विजय कुमार
_917315
942 _2ddc
_cHN
_mनंदचौ
999 _c34662
_d34662